000 00912nam a2200205Ia 4500
001 863-GAR ga ci (16871)
003 IT-MiSPE
008 171229s9999||||xx |||||||||||||| ||und||
040 _aIT-MiSPE
_cIT-MiSPE
041 _aSPAGNOLO
100 _aGabriel García Márquez
245 0 _aCien años de soledad
250 _a5a ed.
260 _aBarcelona
_bArgos Vergara
_c1981
300 _a334 p.
_c18 cm
501 _aEdizioni San Paolo srl - Piazza Soncino, 5 - 20092 CINISELLO BALSAMO (MI) (non commercial uses only) ® Copyright 2018
942 _cBK
957 _71
999 _a3254
_bNO
_g Copie: 1
_c354853
_d354853